[Event "TUR-chT Clubs"]
[Site "Konya"]
[Date "2019.07.20"]
[Round "7.3"]
[White "Aydin, Gulenay"]
[Black "Demir, Ugur"]
[Result "1-0"]
[WhiteElo "1934"]
[BlackElo "1763"]
[PlyCount "88"]
[EventDate "2019.07.16"]
[EventType "team-swiss"]
[EventRounds "9"]
[EventCountry "TUR"]
[SourceTitle "CBM 191 Extra"]
[Source "ChessBase"]
[SourceDate "2019.09.30"]
[SourceVersion "1"]
[SourceVersionDate "2019.09.30"]
[SourceQuality "1"]
[WhiteTeam "Canakkale Doruk"]
[BlackTeam "Artvin Il Ozel"]
[WhiteTeamCountry "TUR"]
[BlackTeamCountry "TUR"]

1. e4 b6 2. d4 Bb7 3. Bd3 Nf6 4. Qe2 e6 5. Nf3 d5 6. e5 Nfd7 7. 0-0 c5 8. c3 Nc6 9. a3 Be7 10. Nbd2 g5 11. dxc5 Nxc5 12. Bb5 a6 13. Bxc6+ Bxc6 14. Nd4 Bb7 15. Qh5 Qd7 16. N2f3 Ne4 17. Nxg5 Nxg5 18. Bxg5 0-0-0 19. Bxe7 Qxe7 20. Qe2 Rde8 21. Rae1 Kd7 22. f4 f5 23. exf6 Qxf6 24. Qf2 Rhg8 25. Re2 Bc8 26. Qf3 Kc7 27. a4 Rg7 28. a5 bxa5 29. Qe3 Rge7 30. Nb3 e5 31. fxe5 Qb6 32. Nd4 Bg4 33. Ree1 Rxe5 34. Qg3 Qd6 35. Rxe5 Qxe5 36. Qxg4 Qe3+ 37. Kh1 Kb6 38. Qg3 Qe7 39. h3 a4 40. Qf4 a3 41. Qh6+ Kb7 42. bxa3 Qe4 43. Rf7+ Re7 44. Qc6+ Ka7 1-0

[Event "TUR-chT Clubs"]
[Site "Konya"]
[Date "2019.07.20"]
[Round "8.8"]
[White "Demir, Ugur"]
[Black "Sevinc, Mesut"]
[Result "1-0"]
[WhiteElo "1763"]
[BlackElo "1703"]
[PlyCount "67"]
[EventDate "2019.07.16"]
[EventType "team-swiss"]
[EventRounds "9"]
[EventCountry "TUR"]
[SourceTitle "CBM 191 Extra"]
[Source "ChessBase"]
[SourceDate "2019.09.30"]
[SourceVersion "1"]
[SourceVersionDate "2019.09.30"]
[SourceQuality "1"]
[WhiteTeam "Artvin Il Ozel"]
[BlackTeam "Nazilli Belediyesi"]
[WhiteTeamCountry "TUR"]
[BlackTeamCountry "TUR"]

1. e4 d5 2. Nf3 dxe4 3. Ng5 Nf6 4. Bc4 e6 5. Nc3 Be7 6. Ngxe4 0-0 7. d4 c6 8. a4 Nbd7 9. 0-0 Nxe4 10. Nxe4 Nf6 11. Ng3 Bd7 12. Bd3 Qc7 13. Re1 Rfe8 14. Bg5 g6 15. Qf3 Kg7 16. c4 Qd8 17. Bf4 Kg8 18. Be5 Rc8 19. Rad1 a6 20. a5 h5 21. Bxf6 Bxf6 22. c5 e5 23. Ne4 Be7 24. Bc4 Bf5 25. dxe5 Qxa5 26. Qb3 Rf8 27. e6 Bxe4 28. exf7+ Kg7 29. Rxe4 Qxc5 30. Qxb7 Bf6 31. b3 a5 32. Re8 Bd4 33. Qxc8 Bxf2+ 34. Kh1 1-0

[Event "TUR-chT2"]
[Site "Konya"]
[Date "2018.07.13"]
[Round "6.16"]
[White "Sanlisavas, Murat"]
[Black "Demir, Ugur"]
[Result "0-1"]
[WhiteElo "1560"]
[BlackElo "1793"]
[PlyCount "130"]
[EventDate "2018.07.10"]
[EventType "team-swiss"]
[EventRounds "9"]
[EventCountry "TUR"]
[SourceTitle "EXT 2019"]
[Source "ChessBase"]
[SourceDate "2018.10.10"]
[SourceVersion "1"]
[SourceVersionDate "2018.10.10"]
[SourceQuality "1"]
[WhiteTeam "Antalya Cankaya Univ"]
[BlackTeam "Artvin Il Ozel"]
[WhiteTeamCountry "TUR"]
[BlackTeamCountry "TUR"]

1. e4 b6 2. d4 Bb7 3. Nc3 e6 4. Nf3 Bb4 5. Bd3 Nf6 6. Bg5 h6 7. Bxf6 Qxf6 8. 0-0 0-0 9. Ne2 d5 10. e5 Qd8 11. c3 Be7 12. Bc2 Ba6 13. Re1 Nd7 14. a4 Re8 15. a5 Nf8 16. b4 c6 17. axb6 axb6 18. Bd3 Bxd3 19. Qxd3 Qc7 20. Ra6 Ra7 21. Rea1 Rea8 22. Nd2 Qb7 23. Rxa7 Rxa7 24. Qb1 Qa8 25. Nb3 Ra3 26. Qc1 Ra4 27. Rxa4 Qxa4 28. Qb1 Qa6 29. Kf1 Qa3 30. f4 Ng6 31. g3 h5 32. Kf2 Bf8 33. Nec1 Qa6 34. Qa1 Qc4 35. Nd2 Qb5 36. Qa7 c5 37. dxc5 bxc5 38. Qa5 Qxa5 39. bxa5 c4 40. Nf3 Bc5+ 41. Nd4 Ne7 42. Ke2 Bxd4 43. cxd4 Nc6 44. a6 Kf8 45. Na2 Ke7 46. Nb4 Kd7 47. Kd2 Kc7 48. Nc2 Kb6 49. h3 Kxa6 50. g4 hxg4 51. hxg4 g6 52. Kc3 Ka5 53. Ne3 Na7 54. Nc2 Nb5+ 55. Kd2 Ka4 56. f5 Kb3 57. Na1+ Kb2 58. Nc2 Na3 59. Nb4 c3+ 60. Ke3 gxf5 61. gxf5 c2 62. Nd3+ Kb1 63. Kf4 Nc4 64. fxe6 fxe6 65. Kg5 Nb2 0-1

[Event "TUR-ch"]
[Site "Antalya"]
[Date "2013.02.09"]
[Round "11"]
[White "Demir, Ugur"]
[Black "Celik, Abbas"]
[Result "1-0"]
[WhiteElo "1671"]
[BlackElo "1813"]
[PlyCount "33"]
[EventDate "2013.02.02"]
[EventType "swiss"]
[EventRounds "11"]
[EventCountry "TUR"]
[SourceTitle "CBM 152 Extra"]
[Source "ChessBase"]
[SourceDate "2013.02.25"]
[SourceVersion "1"]
[SourceVersionDate "2013.02.25"]
[SourceQuality "1"]

1. e4 d5 2. exd5 Nf6 3. d4 Bg4 4. Be2 Bxe2 5. Qxe2 Qxd5 6. Nf3 Nc6 7. Nc3 Qh5 8. 0-0 0-0-0 9. Be3 g5 10. Nxg5 Ng4 11. h3 Nxd4 12. Qxg4+ Qxg4 13. hxg4 Nxc2 14. Nxf7 Nxe3 15. fxe3 Bh6 16. Nxh6 Rd2 17. Rf2 1-0